Lieux (fictifs) de Fallout - Statistiques

Statistiques générales
  • Ce quiz a été pris 56 fois
  • Le résultat moyen est 4 sur 12
Statistiques - réponses
Description Lieu % Correct
L'abri dans lequel le personnage principal et sa famille ont obtenu une place dans Fallout 4 Abri 111
74%
Abri qui donne son nom au dernier opus de Fallout sur PS4 de par son numéro Abri 76
70%
Ville autonome qui se retrouve au centre du conflitentre la République et la Légion et qui donne son nom à un jeu de la saga Fallout New Vegas
70%
Région du nord des Etats-Unis qui a pour centre Boston, elle est mentionnée dans Fallout 3 et est intégrée pleinement au jeu dans Fallout 4 Commonwealth
64%
Abri duquel le personnage principal vient dans Fallout 3 Abri 101
52%
C'est l'abri dans lequel le personnage principal dutout premier Fallout habite Abri 13
48%
Un des 3 grands casinos du Strip Gomorrah/Tops/Ultra-Luxe
28%
Il s'agit du village fondé par le personnage principal du premier Fallout, village duquel démarre Fallout 2 Arroyo
14%
L'autre nom des Etats-Unis depuis la guerrenucléaire Wasteland
12%
Dans Fallout Tactics, le but ultime de la Confrérie de l'Acier est de trouver ce centre de commandement du réseau d'Abris d'avant la guerre Abri Zéro
2%
Zone d'opération sécurisée fondée par la Confrérie de l'Acier vers le sud, après la victoire contre les Seigneurs des Bêtes psychiques, dans Fallout Tactics Bunker Gamma
2%
Ville goule située au coeur des ruines de Kansas Citydans Fallout Tactics Gravestone
0%
Aucun quiz correspondant
Distribution des résultats
% des personnes avec chaque résultat
Percentile par nombre de réponses
Votre historique - résultats
Vous n’avez pas pris ce quiz